000 02028nam a2200493 a 4500
001 000016818
003 OSt
005 20250502073819.0
007 ta
008 100310s1986 dr 000 0 spa d
040 _aDO-SdBNP
_bspa
_cBNPHU
041 _hspa
049 _aBNPD
082 _axxx
_bA325m
100 1 _aAlba de Senior, Corina
_937254
245 1 0 _aManual del alcalde pedaneo /
_cCorina Alba de Senior.
260 _aSanto Domingo :
_bONAP,
_c1986.
300 _a33 P. ;
_c21 cm.
490 1 _aEstudios jurídicos
_v37
500 _aCol. dirigida por Raynundo Amaro Guzmán
505 1 _aManual del alcalde pedaneo : breve reseña histórica.-
505 1 _aLegislación vigente.-
505 1 _aDe los alcaldes pedaneos.-
505 1 _aDe los ayudante del alcalde pedaneo.-
505 1 _aAtribuciones de los alcalde pedaneos.-
505 1 _aObras públicas.-
505 1 _aRegistro de estado civil.-
505 1 _aServicios de sanidad.-
505 1 _aAnimales sin dueños conocidos.-
505 1 _aCertificación de propiedad de animales.- beneficios de los animales en losa campos.- estampa para animales.- lidias de gallos.- aguas públicas.- correo.- servicios agrícolas y forestales.- protección de los bosques.-
505 1 _aDe la policía judicial.- citaciones del ministerio público de instrucción.-
505 1 _aCitación por acto de alguacil.-
505 1 _aEmbargo de frutos no cosechados.-
505 1 _aPorte y tenencia de armas (ley 36 de fecha 17 de octubre).-
505 1 _aElecciones públicas.-
505 1 _aMensuras catastrales.-
505 1 _aModificación de las sentencias del tribunal de tierras.-
505 1 _aDerecho de caza (ley 392. del 20 de septiembre de 1943).-
505 1 _aInspección general (art. 17, ley 4401 del año 1986).-
505 1 _aLa división territorial.
710 1 _aRepública Dominicana.
_bOficina Nacional de Administración y Personal
_926398
830 0 _aEstudios jurídicos
_n37
_937255
942 _2ddc
_cLF2
999 _c16350
_d16350